000 01481cam a22003977a 4500
003 CHAP
005 20220817043823.0
008 020218d2001 mx r 00110 spa d
010 _a85326
011 _a86298
035 _a96836
040 _cCHAP
090 _aTesis
100 0 0 _aCastañeda Méndez, Juvencio.
_919925
245 1 0 _aNiveles óptimos biológicos y económicos de L-Metionina+Cistina y L-Lisina en dietas para pollos de engorda en crecimiento y finalización
_c/por Juvencio Castañeda Méndez y Fredy Méndez Méndez
260 _aChapingo, Méx. :
_bEl autor,
_c2001.
300 _a51 h. ;
_bgráfs. : cuadros
502 _aTesis (Ing. Agr. Esp. en Zootecnia) -- UACH. Departamento de Zootecnia
590 _aALEPH
_b10
_c20130110
_lUCH01
_h1446
590 _aBATCH-UPD
_b10
_c20130110
_lUCH01
_h0501
590 _aBATCH-UPD
_b10
_c20130110
_lUCH01
_h2218
590 _aBATCH-UPD
_b10
_c20130410
_lUCH01
_h0139
590 _aBATCH-UPD
_b10
_c20130914
_lUCH01
_h0451
590 _aCONVERSION
_b10
_c20130109
_lUCH01
_h1347
650 1 4 _aAves de corral
_xAlimentación.
_98638
650 1 4 _aAves de corral
_xCrecimiento.
_98642
650 1 4 _aLisina.
650 1 4 _aMetionina.
_975235
650 1 4 _aPollos
_xEngorda.
700 0 0 _aMéndez Méndez, Fredy.
_976539
901 _aBK
905 _aMayto Villalobos S.
942 _cFOLL
949 _aTesis
_bBC
_cTES
_d33724000848552
_eTS2
_fc.2
_h39285
_i96836
_sb
949 _aTesis
_bBC
_cTES
_d968361
_eTS2
_h39284
_i96836
_sb
999 _c85326
_d85326